Research programmes of universities and research institutes (non-CSIR): physics, geophysics, biophysics. (Record no. 86034)

MARC details
000 -LEADER
fixed length control field 00671cam a2200217 4500
001 - CONTROL NUMBER
control field sa 68014764
003 - CONTROL NUMBER IDENTIFIER
control field DLC
005 - DATE AND TIME OF LATEST TRANSACTION
control field 20260227112635.0
008 - FIXED-LENGTH DATA ELEMENTS--GENERAL INFORMATION
fixed length control field 700216s1967 ii 00000 eng
010 ## - LIBRARY OF CONGRESS CONTROL NUMBER
LC control number sa 68014764 //r822
025 ## - OVERSEAS ACQUISITION NUMBER
Overseas acquisition number PL480:I-E-9403
050 0# - LIBRARY OF CONGRESS CALL NUMBER
Classification number Q180.I5
Item number A534
082 ## - DEWEY DECIMAL CLASSIFICATION NUMBER
Classification number 507/.2/054
110 10 - MAIN ENTRY--CORPORATE NAME
Corporate name or jurisdiction name as entry element India (Republic).
Subordinate unit Directorate of Research Coordination & Industrial Liaison.
245 10 - TITLE STATEMENT
Title Research programmes of universities and research institutes (non-CSIR): physics, geophysics, biophysics.
260 1# - PUBLICATION, DISTRIBUTION, ETC.
Place of publication, distribution, etc. New Delhi,
Date of publication, distribution, etc. 1967.
300 ## - PHYSICAL DESCRIPTION
Extent vi, 60 p.
Dimensions 24 cm.
350 ## - PRICE (NR) (BK AM CF MU VM SE) [OBSOLETE]
Price unpriced
500 ## - GENERAL NOTE
General note Cover title.
650 #0 - SUBJECT ADDED ENTRY--TOPICAL TERM
Topical term or geographic name entry element Research
Geographic subdivision India.

No items available.

Powered by Koha